000 00460cam a22001217a 4500
008 180718b2006 xxu||||| |||| 00| 0 eng d
082 _aAPPPP/2005-06/MEE/27
100 _aMeena, J.P.
245 _aAgriculture diversification in India: concept, design and policy framework
_cby J.P. Meena
260 _aNew Delhi
_bIndian Institute of Public Administration
_c2006
300 _a87p.
500 _aAn APPPA M.Phil dissertation, 2005-06 (Guide: Prof. Pranab Banerji)
999 _c493401
_d493401